<?xml version="1.0" encoding="UTF-8"?>
<record
    xmlns:xsi="http://www.w3.org/2001/XMLSchema-instance"
    xsi:schemaLocation="http://www.loc.gov/MARC21/slim http://www.loc.gov/standards/marcxml/schema/MARC21slim.xsd"
    xmlns="http://www.loc.gov/MARC21/slim">

  <leader>00840nam a22001937a 4500</leader>
  <controlfield tag="008">090712t        xxu||||| |||| 00| 0 eng d</controlfield>
  <datafield tag="082" ind1=" " ind2=" ">
    <subfield code="2">22</subfield>
    <subfield code="a">671.25</subfield>
    <subfield code="b">&#x634; &#x648;&#x634;</subfield>
  </datafield>
  <datafield tag="245" ind1=" " ind2=" ">
    <subfield code="a">/&#x62A;&#x643;&#x646;&#x648;&#x644;&#x648;&#x62C;&#x64A;&#x627; &#x62A;&#x634;&#x643;&#x64A;&#x644; &#x627;&#x644;&#x645;&#x639;&#x627;&#x62F;&#x646;</subfield>
    <subfield code="c">&#x633;&#x645;&#x64A;&#x631; &#x634;&#x648;&#x634;&#x627;&#x646;</subfield>
  </datafield>
  <datafield tag="260" ind1=" " ind2=" ">
    <subfield code="a">&#x627;&#x644;&#x627;&#x633;&#x643;&#x646;&#x62F;&#x631;&#x64A;&#x629;:</subfield>
    <subfield code="b">&#x633;&#x645;&#x64A;&#x631; &#x634;&#x648;&#x634;&#x627;&#x646;&#x60C;</subfield>
    <subfield code="c">2003</subfield>
  </datafield>
  <datafield tag="300" ind1="1" ind2=" ">
    <subfield code="a">152 &#x635; :</subfield>
    <subfield code="b">&#x627;&#x64A;&#x636;&#x61B;</subfield>
    <subfield code="c">23 &#x633;&#x645;</subfield>
  </datafield>
  <datafield tag="504" ind1=" " ind2=" ">
    <subfield code="a">&#x64A;&#x62A;&#x636;&#x645;&#x646; &#x625;&#x631;&#x62C;&#x627;&#x639;&#x627;&#x62A; &#x628;&#x628;&#x644;&#x64A;&#x648;&#x62C;&#x631;&#x627;&#x641;&#x64A;&#x629; : &#x635;. 150-152</subfield>
  </datafield>
  <datafield tag="650" ind1=" " ind2=" ">
    <subfield code="9">7988</subfield>
    <subfield code="a">&#x633;&#x628;&#x643; &#x627;&#x644;&#x645;&#x639;&#x627;&#x62F;&#x646;</subfield>
  </datafield>
  <datafield tag="650" ind1=" " ind2=" ">
    <subfield code="9">7990</subfield>
    <subfield code="a">&#x627;&#x644;&#x633;&#x628;&#x627;&#x626;&#x643;</subfield>
  </datafield>
  <datafield tag="650" ind1=" " ind2=" ">
    <subfield code="9">7989</subfield>
    <subfield code="a">&#x627;&#x634;&#x63A;&#x627;&#x644; &#x627;&#x644;&#x645;&#x639;&#x627;&#x62F;&#x646;</subfield>
  </datafield>
  <datafield tag="650" ind1=" " ind2=" ">
    <subfield code="9">7991</subfield>
    <subfield code="a">&#x627;&#x644;&#x635;&#x647;&#x631;</subfield>
  </datafield>
  <datafield tag="650" ind1=" " ind2=" ">
    <subfield code="9">7992</subfield>
    <subfield code="a">&#x627;&#x644;&#x645;&#x633;&#x627;&#x628;&#x643;</subfield>
  </datafield>
  <datafield tag="942" ind1=" " ind2=" ">
    <subfield code="2">ddc</subfield>
    <subfield code="c">BB</subfield>
  </datafield>
  <datafield tag="999" ind1=" " ind2=" ">
    <subfield code="c">12340</subfield>
    <subfield code="d">12340</subfield>
  </datafield>
  <datafield tag="952" ind1=" " ind2=" ">
    <subfield code="0">0</subfield>
    <subfield code="1">0</subfield>
    <subfield code="2">ddc</subfield>
    <subfield code="4">0</subfield>
    <subfield code="7">0</subfield>
    <subfield code="8"> </subfield>
    <subfield code="a">MAIN</subfield>
    <subfield code="b">MAIN</subfield>
    <subfield code="c">1ST</subfield>
    <subfield code="d">2009-07-12</subfield>
    <subfield code="e">purchase</subfield>
    <subfield code="l">1</subfield>
    <subfield code="m">2</subfield>
    <subfield code="o">671.25 &#x62A;&#x643;&#x646;</subfield>
    <subfield code="p">000017409</subfield>
    <subfield code="r">2025-07-15 00:00:00</subfield>
    <subfield code="s">2012-07-24</subfield>
    <subfield code="y">BB</subfield>
  </datafield>
</record>
